000 00672nam a2200217Ii 4500
003 JO-AjNU
008 230605s9999||||xx |||||||||||||| ||und||
017 _a2003/8/1718
040 _aJO-AjNU
_bara
_erda
_cJO-AjNU
041 _aara
050 1 4 _aHD20.5.S222.2003
100 3 _aصبري،عزام,
_eauthor
_920057
245 0 0 _aاساسيات في بحوث العمليات
250 _aط1
264 3 1 _aاربد:عالم الكتب الحديث،2003
300 _a200ص
336 _atext
_btxt
_2rdacontent
337 _aunmediated
_bn
_2rdamedia
338 _avolume
_bnc
_2rdacarrier
650 4 _aبحوث عمليات-حاسوب الالكتروني
_920058
999 _aA6731
_c10299
_d10299